Whatever Happened to the World of Tomorrow? / (Record no. 5368)

MARC details
000 -LEADER
fixed length control field 01429nam a22002897a 4500
001 - CONTROL NUMBER
control field 5368
003 - CONTROL NUMBER IDENTIFIER
control field FISKH
005 - DATE AND TIME OF LATEST TRANSACTION
control field 20241128142544.0
008 - FIXED-LENGTH DATA ELEMENTS--GENERAL INFORMATION
fixed length control field 241128b cb ||||| |||| 00| 0 eng d
020 ## - INTERNATIONAL STANDARD BOOK NUMBER
International Standard Book Number 9780545656283
040 ## - CATALOGING SOURCE
Original cataloging agency FISKH
Language of cataloging eng
Transcribing agency FISKH
Modifying agency FISKH
050 ## - LIBRARY OF CONGRESS CALL NUMBER
Classification number PN6727.F483
082 ## - DEWEY DECIMAL CLASSIFICATION NUMBER
Classification number 741.5973
100 ## - MAIN ENTRY--PERSONAL NAME
Personal name Fies, Brian
245 ## - TITLE STATEMENT
Title Whatever Happened to the World of Tomorrow? /
Statement of responsibility, etc. A graphic novel by Brian Fies, Author of Mom's Cancer
260 ## - PUBLICATION, DISTRIBUTION, ETC.
Place of publication, distribution, etc. New York :
Name of publisher, distributor, etc. Scholastic ;
Date of publication, distribution, etc. 2009.
300 ## - PHYSICAL DESCRIPTION
Extent 201 pages :
Other physical details color illustrations ;
Dimensions 26 cm .
505 ## - FORMATTED CONTENTS NOTE
Formatted contents note U <br/>
520 ## - SUMMARY, ETC.
Summary, etc. "Whatever happened to the World of Tomorrow? , the long-awaited follow-up to Mom's Cancer, tells the story of a boy's relationship with his father. Spanning the period from the 1939 World's Fair to the last Apollo space mission in 1975, it depicts an optimistic and ambitious era fueled by industry, engines, electricity, rockets, middle-class pop culture, and the atom bomb...A lively trip through a half century of technological evolution, Whatever Happened to the World of Tomorrow? is also a perceptive look at the changing moods of our nation - and the enduring promise of the future." - from back cover.
521 8# - TARGET AUDIENCE NOTE
Target audience note 830 <br/>
Source Lexile GN <br/>
521 8# - TARGET AUDIENCE NOTE
Target audience note U <br/>
Source Raz-Plus <br/>
650 ## - SUBJECT ADDED ENTRY--TOPICAL TERM
Topical term or geographic name entry element comics
Form subdivision Fiction
650 ## - SUBJECT ADDED ENTRY--TOPICAL TERM
Topical term or geographic name entry element space program
Form subdivision Fiction
700 ## - ADDED ENTRY--PERSONAL NAME
Personal name Egan, Neil
Relator term designer
942 ## - ADDED ENTRY ELEMENTS (KOHA)
Source of classification or shelving scheme Dewey Decimal Classification
Koha item type Books
Suppress in OPAC No
Holdings
Withdrawn status Lost status Source of classification or shelving scheme Damaged status Not for loan Collection Home library Current library Shelving location Date acquired Total Checkouts Full call number Barcode Date last seen Price effective from Koha item type
    Dewey Decimal Classification     Fiction Footprints International School Library Network Toul Kork Campus Footprints International School Library Network Toul Kork Campus TTP Secondary Fiction Bookshelves 11/28/2024   FIE 741.5973 PN6727.F483 FISSE01500 11/28/2024 11/28/2024 Books